Top 10 Oldest Living NFL Hall of Famers - Statistics

General Stats
  • This quiz has been taken 5 times
  • The average score is 2 of 10
Answer Stats
Age Player % Correct
100 Charley Trippi
40%
87 Sonny Jurgensen
40%
82 Bob Lilly
20%
94 Bud Grant
20%
93 Hugh McElhenny
20%
90 Joe Schmidt
20%
88 Lenny Moore
20%
89 Raymond Berry
20%
84 Jim Otto
0%
96 Marv Levy
0%
No matching quizzes found
Score Distribution
Percent of People with Each Score
Percentile by Number Answered
Your Score History
You have not taken this quiz